| 000 | 00613nam a2200205Ia 4500 | ||
|---|---|---|---|
| 008 | 191130s2009##################000#0#eng## | ||
| 020 | _a9780230019386 | ||
| 022 | _a2010481497 | ||
| 040 |
_aACL _cACL |
||
| 082 | _a190 TUB | ||
| 100 | _aTubbs, Nigel | ||
| 245 |
_aHistory of western philosophy _cby Nigel Tubbs |
||
| 260 |
_aBasingstoke, Hampshire _bPalgrave Macmillan _cc2009 |
||
| 300 | _ax, 190 p. ; 23 cm | ||
| 500 | _aIncludes bibliographical references (p. 183-187) and index | ||
| 650 | _aPhilosophy - History | ||
| 990 | _ab23f4a66ac10000c058ff1a0de9c0c3a | ||
| 991 | _a62156 | ||
| 999 |
_c205562 _d205562 |
||